Epigramas completos (Record no. 97453)

MARC details
000 -LEADER
campo de control de longitud fija 00682nam a2200205 i 4500
001 - NÚMERO DE CONTROL
campo de control 97453
003 - IDENTIFICADOR DE NÚMERO DE CONTROL
campo de control ES-MaACL
005 - FECHA Y HORA DE LA ÚLTIMA TRANSACCIÓN
campo de control 20230906182114.0
007 - CAMPO FIJO DE DESCRIPCIÓN FÍSICA--INFORMACIÓN GENERAL
campo de control de longitud fija t|
008 - DATOS DE LONGITUD FIJA--INFORMACIÓN GENERAL
campo de control de longitud fija 050712s1959 sp ||||1| spa d
100 1# - ENTRADA PRINCIPAL--NOMBRE DE PERSONA
Nombre de persona Marcial, Marco Valerio.
9 (RLIN) 76446
245 10 - MENCIÓN DEL TÍTULO
Título Epigramas completos
Resto del título : seguidos del "Libro de los Espectáculos" /
Mención de responsabilidad, etc. Marco Valerio Marcial; traducción del latín; prólogo y notas por José Torrens Béjar.
260 ## - PUBLICACIÓN, DISTRIBUCIÓN, ETC.
Lugar de publicación, distribución, etc. Barcelona :
Nombre del editor, distribuidor, etc. Diamante,
Fecha de publicación, distribución, etc. 1959.
300 ## - DESCRIPCIÓN FÍSICA
Extensión 448 p. ;
Dimensiones 19 cm.
490 1# - MENCIÓN DE SERIE
Mención de serie Obras maestras
700 1# - ENTRADA AGREGADA--NOMBRE PERSONAL
Nombre de persona Torrens Béjar, José.
9 (RLIN) 110825
830 0# - PUNTO DE ACCESO ADICIONAL DE SERIE-TÍTULO UNIFORME
Título uniforme Obras maestras
9 (RLIN) 181001
852 ## - LOCALIZACIÓN
Ubicación ES-MaACL
Número de control de estantería C-17666
Sublocalización o colección R.45803
Holdings
Estatus retirado Estado de pérdida Estado de daño No para préstamo Biblioteca de origen Biblioteca actual Ubicación en estantería Fecha de adquisición Fuente de adquisición Total de préstamos Signatura topográfica completa Código de barras Visto por última vez Precio de reemplazo Tipo de ítem Koha
        Biblioteca del Ateneo de Madrid Biblioteca del Ateneo de Madrid Galería 17/01/2008     C-17666 1101735 23/02/2023 23/02/2023 Libro impreso